00563nam a22002057a 45000050016000000100014000160200026000300350013000560370013000690820008000821000017000902450074001072600035001812700043002163000024002596500029002836500020003126500022003327000003003542010080205235.0 aENG-97915 a9788179927861c195.00 aEN-81448 bDBAD/PUB a250 aOkawa, Ryuho aThe essence of Buddha ; cby Ryuho Okawabthe path to enlightenment / aMumbaic2008bJaico Pub. House a121 Matma Gandhi Road bMumbaie400001 a201 p. c24cm (Pbk) aSpiritual life-Buddhism  aGauthama Buddha aBuddhism decorism